Modos de pensamiento (Record no. 134464)
[ view plain ]
| 000 -LEADER | |
|---|---|
| campo de control de longitud fija | 00695nam a22002171 4500 |
| 001 - NÚMERO DE CONTROL | |
| campo de control | 134464 |
| 003 - IDENTIFICADOR DE NÚMERO DE CONTROL | |
| campo de control | ES-MaACL |
| 005 - FECHA Y HORA DE LA ÚLTIMA TRANSACCIÓN | |
| campo de control | 20260306063015.0 |
| 007 - CAMPO FIJO DE DESCRIPCIÓN FÍSICA--INFORMACIÓN GENERAL | |
| campo de control de longitud fija | t| |
| 008 - DATOS DE LONGITUD FIJA--INFORMACIÓN GENERAL | |
| campo de control de longitud fija | 070911s1973 sp ||||0| spa d |
| 016 7# - NÚMERO DE CONTROL DE UNA AGENCIA BIBLIOGRÁFICA NACIONAL | |
| Número de control cancelado/no válido | IND2000944349 |
| 040 ## - FUENTE DE CATALOGACIÓN | |
| Centro catalogador/agencia de origen | M-BN |
| Lengua de catalogación | spa |
| Centro/agencia transcriptor | CDM |
| 080 ## - NÚMERO DE LA CLASIFICACIÓN DECIMAL UNIVERSAL | |
| Número de la Clasificación Decimal Universal | 1(042) |
| 100 1# - ENTRADA PRINCIPAL--NOMBRE DE PERSONA | |
| Nombre de persona | Whitehead, Alfred North, |
| Fechas asociadas al nombre | 1861-1947 |
| 9 (RLIN) | 116695 |
| 245 10 - MENCIÓN DEL TÍTULO | |
| Título | Modos de pensamiento |
| Resto del título | : [conferencias y lecciones] / |
| Mención de responsabilidad, etc. | A. N. Whitehead ; versión de M. de Mora Charles. |
| 260 ## - PUBLICACIÓN, DISTRIBUCIÓN, ETC. | |
| Lugar de publicación, distribución, etc. | Madrid : |
| Nombre del editor, distribuidor, etc. | Taller de Ediciones Josefina Betancor, |
| Fecha de publicación, distribución, etc. | 1973. |
| 300 ## - DESCRIPCIÓN FÍSICA | |
| Extensión | 195 p. ; |
| Dimensiones | 18 cm. |
| 650 17 - PUNTO DE ACCESO ADICIONAL DE MATERIA--TÉRMINO DE MATERIA | |
| Término de materia o nombre geográfico como elemento de entrada | Filosofía |
| Fuente del encabezamiento o término | embne |
| 9 (RLIN) | 12802 |
| 852 ## - LOCALIZACIÓN | |
| Ubicación | ES-MaACL |
| Número de control de estantería | C-55355 |
| Sublocalización o colección | R.87988 |
| Estatus retirado | Estado de pérdida | Estado de daño | No para préstamo | Biblioteca de origen | Biblioteca actual | Ubicación en estantería | Fecha de adquisición | Fuente de adquisición | Total de préstamos | Signatura topográfica completa | Código de barras | Visto por última vez | Precio de reemplazo | Tipo de ítem Koha |
|---|---|---|---|---|---|---|---|---|---|---|---|---|---|---|
| Biblioteca del Ateneo de Madrid | Biblioteca del Ateneo de Madrid | Depósito 2 | 17/01/2008 | C-55355 | 1139961 | 23/02/2023 | 23/02/2023 | Libro impreso |
